Gale on easements (Record no. 109228)

MARC details
000 -LEADER
fixed length control field 01528cam a22002775a 4500
001 - CONTROL NUMBER
control field L146582
008 - FIXED-LENGTH DATA ELEMENTS--GENERAL INFORMATION
fixed length control field 090205s2008 xxk kf v 001 0 eng d
020 ## - INTERNATIONAL STANDARD BOOK NUMBER
International Standard Book Number 9781847032225
035 ## - SYSTEM CONTROL NUMBER
System control number (Sirsi) u146582
041 0# - LANGUAGE CODE
Language code of text/sound track or separate title eng
050 04 - LIBRARY OF CONGRESS CALL NUMBER
Classification number 346.410435 $2 18
245 00 - TITLE STATEMENT
Title Gale on easements
250 ## - EDITION STATEMENT
Edition statement 18th rev.ed.
260 ## - PUBLICATION, DISTRIBUTION, ETC.
Place of publication, distribution, etc. London
Name of publisher, distributor, etc. Sweet & Maxwell
Date of publication, distribution, etc. 2008
300 ## - PHYSICAL DESCRIPTION
Extent xcv, 734p.
Other physical details ill.
Dimensions 24cm.
505 2# - FORMATTED CONTENTS NOTE
Formatted contents note Characteristics of an easement -- Equitable rights to easements -- Creation of easements by known transactions -- Establishment of easements by prescription -- Easements and registered land -- Rights in respect of water -- Right to light -- Air -- Rights of way -- Support -- Party-walls, banks, boundary trees and access to neighbouring land -- Extinguishment of easements -- What amounts to a disturbance -- Remedies for disturbance -- Appendices
520 ## - SUMMARY, ETC.
Summary, etc. Sets out the law relating to easements in a comprehensive and detailed manner. Explains the development of the law via in-depth analysis of the latest case law and offers solutions to problems that may arise in practice. Incorporates relevant legislation and makes reference to a wide selection of Commonwealth cases. Appendices includes the relevant statutes, rules and orders.
520 ## - SUMMARY, ETC.
Summary, etc. The law is as stated at 1 August 2008.
521 20 - TARGET AUDIENCE NOTE
Target audience note Expert
590 ## - LOCAL NOTE (RLIN)
Local note KA
651 #4 - SUBJECT ADDED ENTRY--GEOGRAPHIC NAME
Geographic name England and Wales
Chronological subdivision 1543-
690 ## - LOCAL SUBJECT ADDED ENTRY--TOPICAL TERM (OCLC, RLIN)
Topical term or geographic name as entry element Boundary disputes
9 (RLIN) 6221
700 1# - ADDED ENTRY--PERSONAL NAME
Personal name Gaunt, Jonathan
Relator term Editor
700 1# - ADDED ENTRY--PERSONAL NAME
Personal name Morgan, Paul
Relator term Editor
942 ## - ADDED ENTRY ELEMENTS (KOHA)
Suppress in OPAC 0
Holdings
Withdrawn status Lost status Source of classification or shelving scheme Damaged status Not for loan Home library Current library Shelving location Date acquired Total Checkouts Full call number Barcode Date last seen Date last checked out Copy number Price effective from Koha item type
    Dewey Decimal Classification     London London Books 05/02/2009 7 346.410435 GAU 30076217 06/08/2019 09/10/2009 1 06/08/2019 Book